Ali baba and the forty thieves and other stories

Bibliographic Details
Format: Book
Published: New York : Derrydale books , 1994
Subjects:

MARC

LEADER 00000cam a2200000 7i4500
001 0000073294
005 20170530.0
008 170530
020 |a 0517101785 
090 0 0 |a JF   |b ENG 
245 0 0 |a Ali baba and the forty thieves and other stories 
260 |a New York :   |b Derrydale books ,   |c 1994 
650 0 |a Fairy tales 
650 0 |a Folklore,arab 
999 |a 0000751926   |b Book   |c Children Collection   |e Cawangan Pontian